<?xml version="1.0" encoding="UTF-8"?>
<collection xmlns="http://www.loc.gov/MARC21/slim">
    <record>
        <controlfield tag="001">31347</controlfield>
        <controlfield tag="005">20170831220702.0</controlfield>
        <datafield tag="037" ind1=" " ind2=" ">
            <subfield code="a">TAZ-TFM-2014-879</subfield>
        </datafield>
        <datafield tag="041" ind1=" " ind2=" ">
            <subfield code="a">spa</subfield>
        </datafield>
        <datafield tag="100" ind1="1" ind2=" ">
            <subfield code="a">Romero Cuartero, Ana Cristina</subfield>
        </datafield>
        <datafield tag="245" ind1="0" ind2="0">
            <subfield code="a">Comadronas entre las Edades Media y Moderna: La degeneración de un oficio</subfield>
        </datafield>
        <datafield tag="260" ind1=" " ind2=" ">
            <subfield code="a">Zaragoza</subfield>
            <subfield code="b">Universidad de Zaragoza</subfield>
            <subfield code="c">2014</subfield>
        </datafield>
        <datafield tag="506" ind1=" " ind2=" ">
            <subfield code="a">by-nc-sa</subfield>
            <subfield code="b">Creative Commons</subfield>
            <subfield code="c">3.0</subfield>
            <subfield code="u">http://creativecommons.org/licenses/by-nc-sa/3.0/</subfield>
        </datafield>
        <datafield tag="520" ind1=" " ind2=" ">
            <subfield code="a">El oficio de partera experimentó un profundo cambio entre el final de la Edad Media y los siglos modernos. Las comadronas que se ocupaban fundamentalmente de las embarazadas, de los partos y pospartos, pero también del cuidado de las criaturas y de los niños y niñas, habían gozado durante muchos siglos de una consideración social notable y de un respeto que se plasmaba en ejemplos tales como el valor probatorio de sus declaraciones  fueran éstas vinculadas al ejercicio de la obstetricia o de la medicina forense-caso de los reconocimientos a raíz de violaciones-, o el hecho de que los varones de la familia fueran conocidos por la referencia a ellas: “está la casa de García Trujillo, marido de la partera” o “la casa de Juan García, yerno de Juan García de Cabra, marido de la partera”, según se registra a finales del siglo XV en Málaga. Sin embargo, la reputación de las comadres, comadronas o madrinas se deterioró paulatinamente y a medida que los médicos varones, como grupo, reclamaron para ellos mismos la práctica en estas áreas de la salud (Ginecología, Obstetricia y, en gran parte, Puericultura) que habían estado tradicionalmente en manos femeninas.</subfield>
        </datafield>
        <datafield tag="521" ind1=" " ind2=" ">
            <subfield code="a">Máster Universitario en Relaciones de Género</subfield>
        </datafield>
        <datafield tag="540" ind1=" " ind2=" ">
            <subfield code="a">Derechos regulados por licencia Creative Commons</subfield>
        </datafield>
        <datafield tag="700" ind1=" " ind2=" ">
            <subfield code="a">García Herrero, María del Carmen</subfield>
            <subfield code="e">dir.</subfield>
        </datafield>
        <datafield tag="710" ind1="2" ind2=" ">
            <subfield code="a">Universidad de Zaragoza</subfield>
            <subfield code="b">Filosofía</subfield>
            <subfield code="c">Filosofía</subfield>
        </datafield>
        <datafield tag="856" ind1="0" ind2=" ">
            <subfield code="f">684696@celes.unizar.es</subfield>
        </datafield>
        <datafield tag="856" ind1="4" ind2=" ">
            <subfield code="s">1008126</subfield>
            <subfield code="u">http://zaguan.unizar.es/record/31347/files/TAZ-TFM-2014-879.pdf</subfield>
            <subfield code="y">Memoria (spa)</subfield>
            <subfield code="z">Memoria (spa)</subfield>
        </datafield>
        <datafield tag="909" ind1="C" ind2="O">
            <subfield code="o">oai:zaguan.unizar.es:31347</subfield>
            <subfield code="p">driver</subfield>
            <subfield code="p">trabajos-fin-master</subfield>
        </datafield>
        <datafield tag="950" ind1=" " ind2=" ">
            <subfield code="a"></subfield>
        </datafield>
        <datafield tag="951" ind1=" " ind2=" ">
            <subfield code="a">deposita:2015-04-21</subfield>
        </datafield>
        <datafield tag="980" ind1=" " ind2=" ">
            <subfield code="a">TAZ</subfield>
            <subfield code="b">TFM</subfield>
            <subfield code="c">SOCIZ</subfield>
        </datafield>
    </record>

    
</collection>